000
00274nam a2200121Ia 4500
008
190216s9999||||xx |||||||||||||| ||und||
100
_a
Arthur W Galston
245
0
_a
Life Of Green Plant
260
_b
Prentice Hall
_c
1958
300
_a
116p
650
_a
Botany
942
_c
BK
999
_c
1143
_d
1143